Logística y costos

Tallennettuna:
Bibliografiset tiedot
Päätekijä: Mauleón Torres, Mikel (autor)
Aineistotyyppi: Kirja
Kieli:espanja
Julkaistu: Madrid Díaz de Santos 2006
Aiheet:
Tagit: Lisää tagi
Ei tageja, Lisää ensimmäinen tagi!

MARC

LEADER 00000nam a2200000 a 4500
001 UCI0947
003 CL-VaPUC
008 070608e20060000SP |||||||||||||||||spa|d
020 |a 8479787414 
082 0 4 |a 658.5  |b MAU  |2 21 
100 |a Mauleón Torres, Mikel  |e autor  |9 521167 
245 1 0 |a Logística y costos 
300 |a 512 p 
942 |c BK 
945 |d 20070608 00:00:00  |a jtorresc 
260 |a Madrid  |b Díaz de Santos  |c 2006 
650 0 |a Logística empresarial  |9 521168 
650 0 |a Administración de empresas   |9 260833 
650 7 |a PLANIFICACION OPERACIONAL  |2 CL-VaPUC  |9 340981 
650 7 |a CONTROL ADMINISTRATIVO  |2 CL-VaPUC  |9 368209 
650 0 |a Operaciones administrativas  |9 335045 
650 7 |a LOGISTICA Y COSTOS  |2 CL-VaPUC  |9 521169 
650 0 |a Empresas   |9 255569 
583 |a last modification  |c 20140406 05:36:49  |k Rodrigo Vera 
999 |c 325898  |d 325896 
952 |0 0  |1 0  |4 0  |6 658_500000000000000_MAU_2006  |7 0  |8 A  |9 407385  |a BIBENE  |b BIBENE  |d 2019-11-22  |i 4346297  |o 658.5 MAU 2006  |p 4346297  |r 2025-01-15  |w 2019-11-22  |y BK  |k ICO